| 000 | 00534cam a2200205 4500 | ||
|---|---|---|---|
| 001 | D5154 | ||
| 008 | 090401t1985 xxu||||| |||| 00| 0 eng d | ||
| 035 | _a(Sirsi) u36161 | ||
| 041 | _aeng | ||
| 050 | _a306.109421 | ||
| 110 |
_aGreater London Council _91146 |
||
| 245 | _aHomelessness in London: a report | ||
| 260 |
_aLondon _bGreater London Council _c1985 |
||
| 300 | _a32p. ill. 21cm | ||
| 350 | _a1.25 | ||
| 490 |
_aGLC HOusing Research and Policy Report _v1 |
||
| 520 | _aCover title | ||
| 942 | _n0 | ||
| 948 | _c04/03/1997 | ||
| 999 |
_c90197 _d90197 |
||